[Event "34 Open Internacional Ciudad de San Seba"]
[Site "Donostia-San Sebastian"]
[Date "2011.04.21"]
[Round "6"]
[White "Praveen Kumar, C."]
[Black "Alvarez Pedraza, Aramis"]
[Result "1/2-1/2"]
[WhiteElo "2352"]
[BlackElo "2515"]
[PlyCount "127"]
[EventDate "2011.04.16"]
[EventRounds "9"]
[EventCountry "ESP"]

1. d4 d6 2. c4 e5 3. d5 Be7 4. Nc3 Bg5 5. g3 Bxc1 6. Rxc1 a5 7. Bg2 Ne7 8. c5
Na6 9. cxd6 cxd6 10. Nf3 O-O 11. O-O Bd7 12. Qd2 h6 13. e4 Nc5 14. Ne1 f5 15.
f4 Ng6 16. Nd3 Nxd3 17. Qxd3 exf4 18. gxf4 fxe4 19. Qg3 Bf5 20. Bxe4 Qf6 21.
Rce1 Rae8 22. Bxf5 Qxf5 23. Rxe8 Rxe8 24. Nb5 Qxd5 25. Qb3 Qxb3 26. axb3 Re2
27. Nxd6 Rxb2 28. Rf3 Nh4 29. Rg3 Kh7 30. Rh3 g5 31. Ne4 Re2 32. Nc3 Re6 33.
fxg5 hxg5 34. Rd3 Kg6 35. h3 Nf5 36. Kf2 Rb6 37. Ne4 Rb4 38. Nd2 b5 39. Nf3 Rf4
40. Ke2 a4 41. bxa4 bxa4 42. Rc3 Nd4+ 43. Nxd4 Rxd4 44. Kf3 Kh5 45. Rc6 Rd3+
46. Kg2 a3 47. Ra6 Rb3 48. Ra4 Rd3 49. Ra6 Rc3 50. Ra4 Kg6 51. Ra5 Kf6 52. Kh2
Rd3 53. Kg2 Rb3 54. Kh2 Rd3 55. Kg2 Ke6 56. Rxg5 Rd5 57. Rg6+ Kf5 58. Ra6 Rd2+
59. Kf3 Rd3+ 60. Ke2 Rxh3 61. Kd2 Ke4 62. Kc2 Kd4 63. Kb1 Kc4 64. Ka2 1/2-1/2

[Event "34 Open Internacional Ciudad de San Seba"]
[Site "Donostia-San Sebastian"]
[Date "2011.04.21"]
[Round "6"]
[White "Thomassen, Joachim"]
[Black "Andres Gonzalez, Alberto"]
[Result "1/2-1/2"]
[WhiteElo "2396"]
[BlackElo "2503"]
[PlyCount "36"]
[EventDate "2011.04.16"]
[EventRounds "9"]
[EventCountry "ESP"]

1. d4 Nf6 2. c4 e6 3. Nc3 Bb4 4. e3 b6 5. Bd3 Bb7 6. Nf3 O-O 7. O-O c5 8. Na4
cxd4 9. exd4 Be7 10. a3 d6 11. b4 Nbd7 12. Nc3 Rc8 13. Re1 Re8 14. Bf4 Qc7 15.
Nb5 Qb8 16. c5 bxc5 17. bxc5 e5 18. Bg3 Bf8 1/2-1/2

[Event "34 Open Internacional Ciudad de San Seba"]
[Site "Donostia-San Sebastian"]
[Date "2011.04.21"]
[Round "6"]
[White "Zysko, Jan"]
[Black "Franco Alonso, Alejandro"]
[Result "1/2-1/2"]
[WhiteElo "2168"]
[BlackElo "2489"]
[PlyCount "163"]
[EventDate "2011.04.16"]
[EventRounds "9"]
[EventCountry "ESP"]

1. e4 c5 2. Nf3 e6 3. d4 cxd4 4. Nxd4 Nf6 5. Nc3 d6 6. Be3 Nc6 7. f3 Be7 8. Qd2
O-O 9. g4 d5 10. g5 Nh5 11. exd5 Nxd4 12. Qxd4 Bxg5 13. O-O-O exd5 14. Rg1
Bxe3+ 15. Qxe3 Nf6 16. Bc4 Be6 17. Qg5 g6 18. Nxd5 Nxd5 19. Bxd5 Bxd5 20. Rxd5
Qc7 21. Qe5 Qc6 22. Rgd1 Rac8 23. Qe2 Rfe8 24. Qd3 Qa4 25. Kb1 Qf4 26. Rd7 Re3
27. Qd5 Re2 28. c3 Rc7 29. Rxc7 Qxc7 30. h4 h5 31. a4 Qe7 32. Rd4 Re5 33. Qd8+
Qxd8 34. Rxd8+ Kg7 35. Rd7 g5 36. hxg5 Rxg5 37. Rd4 Rf5 38. Rh4 Kg6 39. f4 Rd5
40. Kc2 Rd8 41. b4 Kf5 42. c4 Ke4 43. Rxh5 Kxf4 44. Rh7 Rd7 45. c5 Ke5 46. Kc3
Kd5 47. Rg7 a6 48. Rh7 Re7 49. Kd3 a5 50. Rh5+ Re5 51. Rh7 Rf5 52. bxa5 Kxc5
53. Rh6 f6 54. Ke4 Rf1 55. Rh7 Kc6 56. Rf7 Re1+ 57. Kd4 Re6 58. Kc4 Re4+ 59.
Kd3 Rf4 60. Ke3 Rxa4 61. Rxf6+ Kc7 62. Kd3 Rxa5 63. Kc2 Ra3 64. Kb2 Rh3 65. Rg6
b6 66. Rf6 Kb7 67. Rg6 Ka6 68. Rg5 b5 69. Rg2 Ka5 70. Rf2 Rh4 71. Rf3 Kb4 72.
Rg3 Rh2+ 73. Kb1 Kc4 74. Rf3 b4 75. Rg3 Rd2 76. Rh3 Rd3 77. Rxd3 Kxd3 78. Kb2
Kc4 79. Kc2 b3+ 80. Kb2 Kb4 81. Kb1 Kc3 82. Kc1 1/2-1/2

[Event "34 Open Internacional Ciudad de San Seba"]
[Site "Donostia-San Sebastian"]
[Date "2011.04.21"]
[Round "6"]
[White "San Segundo Carrillo, Pablo"]
[Black "Etchegaray, Patrice"]
[Result "1/2-1/2"]
[WhiteElo "2513"]
[BlackElo "2394"]
[PlyCount "52"]
[EventDate "2011.04.16"]
[EventRounds "9"]
[EventCountry "ESP"]

1. d4 Nf6 2. Nf3 g6 3. c4 c5 4. Nc3 Bg7 5. e4 cxd4 6. Nxd4 d6 7. Be2 Nc6 8. Be3
O-O 9. O-O Bd7 10. Qd2 Nxd4 11. Bxd4 Bc6 12. f3 a5 13. b3 Nd7 14. Be3 Nc5 15.
Rab1 Qb6 16. Rfc1 Rfc8 17. a3 Qd8 18. Rc2 Qf8 19. Bf1 h5 20. b4 axb4 21. axb4
Na4 22. Nd1 Kh7 23. Rb3 Bh6 24. Ra3 Nb6 25. Rca2 Rxa3 26. Rxa3 Ra8 1/2-1/2

[Event "34 Open Internacional Ciudad de San Seba"]
[Site "Donostia-San Sebastian"]
[Date "2011.04.21"]
[Round "6"]
[White "Lillo Castay, Victor"]
[Black "Hansen, Torbjorn Ringdal"]
[Result "0-1"]
[WhiteElo "2281"]
[BlackElo "2459"]
[PlyCount "46"]
[EventDate "2011.04.16"]
[EventRounds "9"]
[EventCountry "ESP"]

1. e4 e5 2. Nf3 Nc6 3. d4 exd4 4. Nxd4 Nf6 5. Nxc6 bxc6 6. e5 Qe7 7. Qe2 Nd5 8.
c4 Ba6 9. b3 g6 10. f4 d6 11. g3 Bg7 12. Bb2 O-O 13. Nd2 dxe5 14. Bxe5 Bxe5 15.
Qxe5 Qa3 16. Be2 Rfe8 17. Qd4 Nb4 18. Kd1 Rad8 19. Qc3 Nd5 20. cxd5 Bxe2+ 21.
Kc2 cxd5 22. Nf3 Bxf3 23. Qxf3 Qc5+ 0-1

[Event "34 Open Internacional Ciudad de San Seba"]
[Site "Donostia-San Sebastian"]
[Date "2011.04.21"]
[Round "6"]
[White "Huerga Leache, Mikel"]
[Black "Hernandez, Elvis"]
[Result "1-0"]
[WhiteElo "2440"]
[BlackElo "2276"]
[PlyCount "67"]
[EventDate "2011.04.16"]
[EventRounds "9"]
[EventCountry "ESP"]

1. d4 d5 2. Nf3 a6 3. g3 Nf6 4. Bg2 g6 5. O-O Bg7 6. c4 c6 7. cxd5 cxd5 8. Ne5
O-O 9. Nc3 b6 10. Bg5 Bb7 11. Rc1 h6 12. Bxf6 Bxf6 13. f4 e6 14. Na4 Bxe5 15.
fxe5 Bc6 16. Rf3 Bxa4 17. Qxa4 b5 18. Qb4 Nd7 19. Qd6 Nb6 20. Qxd8 Rfxd8 21.
Rc6 Rab8 22. b3 Rb7 23. Rfc3 Kf8 24. e3 Ke7 25. Bf1 Rdd7 26. R3c5 Kd8 27. a4
bxa4 28. bxa4 Nxa4 29. Ra5 Nb2 30. Raxa6 Nd1 31. Ra8+ Ke7 32. Rcc8 f5 33. Rh8
Ra7 34. Rh7# 1-0

[Event "34 Open Internacional Ciudad de San Seba"]
[Site "Donostia-San Sebastian"]
[Date "2011.04.21"]
[Round "6"]
[White "Pogorelov, Ruslan"]
[Black "Prieto Aranguren, Alain"]
[Result "1-0"]
[WhiteElo "2430"]
[BlackElo "2219"]
[PlyCount "81"]
[EventDate "2011.04.16"]
[EventRounds "9"]
[EventCountry "ESP"]

1. Nf3 g6 2. c4 Bg7 3. d4 d6 4. e4 Bg4 5. Be2 Nc6 6. Be3 e5 7. d5 Bxf3 8. Bxf3
Nd4 9. Bxd4 exd4 10. Nd2 Ne7 11. h4 c5 12. Be2 O-O 13. h5 a6 14. Bd3 Rb8 15.
hxg6 hxg6 16. Qg4 Re8 17. O-O-O b5 18. f4 Nc8 19. f5 Qf6 20. e5 Rxe5 21. fxg6
Qg5 22. Qd7 Qe7 23. Qh3 f6 24. Nf3 bxc4 25. Bxc4 Qb7 26. b3 Re3 27. Rde1 Qe7
28. Rxe3 dxe3 29. Nh4 Qe5 30. Qe6+ Qxe6 31. dxe6 Ne7 32. Nf5 Re8 33. Nxd6 Rd8
34. Nf5 Re8 35. Nxe3 Bh8 36. Rh7 Nxg6 37. Ra7 Ne5 38. Bd5 Bg7 39. Nf5 Bh8 40.
e7+ Kh7 41. Ra8 1-0

[Event "34 Open Internacional Ciudad de San Seba"]
[Site "Donostia-San Sebastian"]
[Date "2011.04.21"]
[Round "6"]
[White "Velten, Paul"]
[Black "Debray, Christopher"]
[Result "1-0"]
[WhiteElo "2281"]
[BlackElo "2381"]
[PlyCount "95"]
[EventDate "2011.04.16"]
[EventRounds "9"]
[EventCountry "ESP"]

1. d4 Nf6 2. Nf3 c5 3. e3 g6 4. b3 Bg7 5. Bb2 O-O 6. Bd3 b6 7. O-O Bb7 8. Qe2
Nc6 9. a3 cxd4 10. exd4 Nh5 11. Qe3 Qb8 12. Rd1 Qf4 13. Nbd2 Rac8 14. Rab1 d6
15. d5 Ne5 16. Nxe5 Bxe5 17. Bxe5 dxe5 18. Nc4 Rfd8 19. Qxe5 Rxc4 20. Qxe7 Rcc8
21. Qxb7 Rc7 22. Qa6 Rxd5 23. g3 Qd6 24. Qa4 Re7 25. Re1 Rde5 26. Rxe5 Qxe5 27.
Qc6 Nf6 28. Bc4 Kg7 29. Qf3 Ne4 30. Qe3 Nc3 31. Qxe5+ Rxe5 32. Ra1 Ne2+ 33. Kg2
Nd4 34. c3 Nc2 35. Ra2 Ne1+ 36. Kf1 Nf3 37. h4 Re1+ 38. Kg2 Ne5 39. Re2 Rxe2
40. Bxe2 Nd7 41. Kf3 Nc5 42. b4 Na4 43. c4 Kf6 44. Ke3 Nc3 45. Kd3 Nb1 46. a4
a5 47. bxa5 bxa5 48. Kc2 1-0

[Event "34 Open Internacional Ciudad de San Seba"]
[Site "Donostia-San Sebastian"]
[Date "2011.04.21"]
[Round "6"]
[White "Olaizola Ortega, Luis"]
[Black "Alvarez Fernandez, Enrique"]
[Result "1/2-1/2"]
[WhiteElo "2206"]
[BlackElo "2374"]
[PlyCount "51"]
[EventDate "2011.04.16"]
[EventRounds "9"]
[EventCountry "ESP"]

1. d4 d5 2. Nf3 Nf6 3. c4 c6 4. Nc3 a6 5. a4 e6 6. g3 dxc4 7. Ne5 c5 8. dxc5
Qxd1+ 9. Nxd1 Bxc5 10. Bg2 Nd5 11. O-O Nc6 12. Nxc4 Bd7 13. Nc3 Nxc3 14. bxc3
f6 15. Ba3 Bxa3 16. Rxa3 Rb8 17. Rb1 Kd8 18. f4 Kc7 19. Rab3 Rhe8 20. e4 e5 21.
f5 Rbd8 22. Ne3 Na5 23. Nd5+ Kd6 24. Rb6+ Bc6 25. Bf1 Ra8 26. R1b4 1/2-1/2

[Event "34 Open Internacional Ciudad de San Seba"]
[Site "Donostia-San Sebastian"]
[Date "2011.04.21"]
[Round "6"]
[White "Abello, Sebastien"]
[Black "Pressman, Leif"]
[Result "1-0"]
[WhiteElo "2337"]
[BlackElo "2198"]
[PlyCount "153"]
[EventDate "2011.04.16"]
[EventRounds "9"]
[EventCountry "ESP"]

1. d4 d5 2. c4 e5 3. dxe5 d4 4. a3 Nc6 5. e3 Nge7 6. Nf3 Bg4 7. Be2 dxe3 8.
Qxd8+ Rxd8 9. Bxe3 Ng6 10. O-O Ngxe5 11. Nxe5 Nxe5 12. Bxg4 Nxg4 13. Bxa7 b6
14. Nc3 Bd6 15. h3 Ne5 16. Ne4 Nxc4 17. Rac1 Nxb2 18. Nxd6+ Rxd6 19. Rxc7 O-O
20. Rb1 Na4 21. Rc4 Nc5 22. Bxb6 Nd7 23. Bc7 Ra6 24. Rb7 Rc8 25. a4 h6 26. a5
Kh7 27. Kf1 Nf6 28. Rd4 Rca8 29. Bb6 Kg6 30. g4 h5 31. Kg2 hxg4 32. hxg4 Re8
33. f3 Re5 34. Kg3 Rb5 35. f4 Raxa5 36. Bxa5 Rxb7 37. f5+ Kh7 38. g5 Nh5+ 39.
Kg4 g6 40. f6 Rb1 41. Bd2 Rg1+ 42. Kf3 Rg3+ 43. Kf2 Rb3 44. Rd7 Kg8 45. Rd8+
Kh7 46. Rf8 Rb7 47. Kf3 Rb3+ 48. Be3 Rb7 49. Bc5 Ng7 50. fxg7 Kxg7 51. Re8 f6
52. Bd4 Kf7 53. Rh8 Rb3+ 54. Kf4 fxg5+ 55. Kxg5 Rb5+ 56. Kf4 g5+ 57. Ke4 Kg6
58. Rg8+ Kh5 59. Be5 Kg4 60. Ra8 Rb1 61. Bd4 Re1+ 62. Be3 Kg3 63. Ra3 g4 64.
Kf5 Rf1+ 65. Bf4+ Kh4 66. Ra8 Kh3 67. Rh8+ Kg2 68. Kxg4 Rb1 69. Rh2+ Kg1 70.
Rc2 Rb3 71. Kf5 Rb5+ 72. Ke4 Rb4+ 73. Kf3 Rb3+ 74. Be3+ Kh1 75. Re2 Rc3 76. Kg3
Rc2 77. Re1# 1-0

[Event "34 Open Internacional Ciudad de San Seba"]
[Site "Donostia-San Sebastian"]
[Date "2011.04.21"]
[Round "6"]
[White "Santos Etxepare, Agustin"]
[Black "Tardi, Oscar"]
[Result "0-1"]
[WhiteElo "1575"]
[BlackElo "1721"]
[PlyCount "90"]
[EventDate "2011.04.16"]
[EventRounds "9"]
[EventCountry "ESP"]

1. d4 d6 2. c4 Nd7 3. e4 Ngf6 4. Nc3 e5 5. Nf3 Be7 6. Be2 O-O 7. O-O c6 8. d5
Nc5 9. Nd2 Qb6 10. Qc2 a5 11. a4 Na6 12. Qb3 Nb4 13. Na2 Bg4 14. Bxg4 Nxg4 15.
Nxb4 axb4 16. h3 Nf6 17. Kh2 Nh5 18. Qe3 Qd4 19. Nb3 Qxc4 20. Nd2 Qa6 21. b3
cxd5 22. exd5 b5 23. Qe2 Nf4 24. Qf3 bxa4 25. Rxa4 Qb5 26. Rxa8 Rxa8 27. Nc4
Qxd5 28. Qxd5 Nxd5 29. Bd2 h6 30. Rd1 Nc3 31. Rc1 d5 32. Nb6 Rb8 33. Nd7 Rb7
34. Bxc3 bxc3 35. Rxc3 Rxd7 36. Rc8+ Kh7 37. Kg3 e4 38. Rc2 d4 39. Rd2 d3 40.
Rd1 g5 41. Kg4 Kg6 42. h4 f5+ 43. Kh3 g4+ 44. Kh2 Bxh4 45. g3 Bg5 0-1

[Event "34 Open Internacional Ciudad de San Seba"]
[Site "Donostia-San Sebastian"]
[Date "2011.04.21"]
[Round "6"]
[White "Diez Fraile, David"]
[Black "Cruz-Lopez Claret, Carlos"]
[Result "1/2-1/2"]
[WhiteElo "2165"]
[BlackElo "2326"]
[PlyCount "98"]
[EventDate "2011.04.16"]
[EventRounds "9"]
[EventCountry "ESP"]

1. e4 e5 2. Nf3 Nc6 3. Bb5 a6 4. Ba4 d6 5. d4 b5 6. Bb3 Nxd4 7. Nxd4 exd4 8.
Qxd4 c5 9. Qd5 Be6 10. Qb7 c4 11. a4 cxb3 12. axb5 Rb8 13. bxa6 Rxb7 14. axb7
Bd5 15. exd5 Qe7+ 16. Be3 Qxb7 17. O-O Nf6 18. Nc3 Nxd5 19. Ra7 Qc6 20. Nxd5
Qxd5 21. Re1 Be7 22. c4 Qc6 23. Bd4 O-O 24. Raxe7 Qxc4 25. Bc3 d5 26. Rd1 Rd8
27. Re3 f6 28. Red3 Kf7 29. Rd4 Qe2 30. h3 Qe6 31. Re1 Qc6 32. Red1 Rd7 33.
R1d3 Qa6 34. Rd1 Qe2 35. R4d2 Qe6 36. Rd4 h6 37. R1d3 Rc7 38. Rd1 Rc5 39. R4d3
Qf5 40. R1d2 Qe4 41. Rd1 h5 42. Rd4 Qc2 43. R4d2 Qe4 44. Rd4 Qc2 45. R4d2 Rxc3
46. bxc3 Qxc3 47. Rxd5 b2 48. Rb1 Ke6 49. Rdd1 Qc2 1/2-1/2

[Event "34 Open Internacional Ciudad de San Seba"]
[Site "Donostia-San Sebastian"]
[Date "2011.04.21"]
[Round "6"]
[White "Newrkla, Katharina"]
[Black "Trepat Herranz, Joan"]
[Result "1/2-1/2"]
[WhiteElo "2055"]
[BlackElo "2343"]
[PlyCount "78"]
[EventDate "2011.04.16"]
[EventRounds "9"]
[EventCountry "ESP"]

1. e4 c6 2. d4 d5 3. exd5 cxd5 4. c4 Nf6 5. Nc3 Nc6 6. Bg5 dxc4 7. Bxc4 e6 8.
Nf3 Be7 9. O-O O-O 10. Re1 Nd5 11. Bxd5 exd5 12. Bxe7 Nxe7 13. Qb3 b6 14. Rac1
Bb7 15. Nb5 Nc6 16. Ne5 Re8 17. Nxc6 Rxe1+ 18. Rxe1 Bxc6 19. Nc3 Qd6 20. Nd1
Bd7 21. Ne3 Be6 22. Rc1 g6 23. Qb5 Rd8 24. h3 Kg7 25. Qe2 Qb4 26. Rd1 a5 27.
Qd2 Qd6 28. Re1 Rc8 29. Rc1 Re8 30. Re1 h6 31. Nd1 Rc8 32. Nc3 Rc4 33. b3 Rc8
34. Rc1 Qb4 35. Qe3 Kh7 36. Ne2 Rxc1+ 37. Qxc1 Qd6 38. Qf4 Qe7 39. Qe5 Qa3
1/2-1/2

[Event "34 Open Internacional Ciudad de San Seba"]
[Site "Donostia-San Sebastian"]
[Date "2011.04.21"]
[Round "6"]
[White "Rabineau, Clement"]
[Black "Alonso Aranzabal, Inigo"]
[Result "1-0"]
[WhiteElo "2291"]
[BlackElo "2052"]
[PlyCount "97"]
[EventDate "2011.04.16"]
[EventRounds "9"]
[EventCountry "ESP"]

1. e4 e5 2. Nf3 Nc6 3. Bb5 a6 4. Bxc6 dxc6 5. d4 exd4 6. Qxd4 Qxd4 7. Nxd4 c5
8. Ne2 Bd7 9. Nbc3 O-O-O 10. f3 Ne7 11. Be3 b6 12. O-O-O Nc6 13. Nd5 Bd6 14.
Nxb6+ cxb6 15. Rxd6 Kc7 16. Rhd1 Be6 17. Bf4 Rxd6 18. Bxd6+ Kb7 19. Nf4 Re8 20.
b3 a5 21. c3 g6 22. g4 a4 23. Nd5 axb3 24. axb3 Ra8 25. Kb2 c4 26. b4 Rd8 27.
Bf4 Bxd5 28. exd5 Na7 29. Rd4 b5 30. d6 Rd7 31. Rd5 Ka6 32. Kc2 Nc8 33. Rc5 Nb6
34. Kd2 Na4 35. Rc8 Nb6 36. Rh8 Kb7 37. Rxh7 Nc8 38. Ke2 Kc6 39. h4 Nxd6 40. h5
gxh5 41. Rxh5 Re7+ 42. Kf2 Re6 43. Rc5+ Kb6 44. Rd5 Nc8 45. Be3+ Ka6 46. Rd7 f6
47. Bd4 Nb6 48. Rf7 f5 49. Rxf5 1-0

[Event "34 Open Internacional Ciudad de San Seba"]
[Site "Donostia-San Sebastian"]
[Date "2011.04.21"]
[Round "6"]
[White "Buiza Prieto, Aizbeltz"]
[Black "Guijarro Galan, Jose Luis"]
[Result "1/2-1/2"]
[WhiteElo "1905"]
[BlackElo "2206"]
[PlyCount "91"]
[EventDate "2011.04.16"]
[EventRounds "9"]
[EventCountry "ESP"]

1. e4 c5 2. Nf3 d6 3. d4 cxd4 4. Nxd4 Nf6 5. Nc3 g6 6. Be3 Bg7 7. Bc4 O-O 8. f3
Nc6 9. Qd2 Bd7 10. O-O-O Rb8 11. Bb3 a5 12. Ndb5 Ne5 13. Qf2 Bxb5 14. Nxb5 a4
15. Bb6 axb3 16. Bxd8 bxa2 17. Qa7 Bh6+ 18. Rd2 Rfxd8 19. Qxa2 Ra8 20. Na3 b5
21. c3 Nc4 22. Rhd1 d5 23. e5 d4 24. Kc2 Nxd2 25. Rxd2 Bxd2 26. exf6 dxc3 27.
fxe7 Rdc8 28. Qb3 b4 29. Nc4 cxb2 30. e8=Q+ Rxe8 31. Nxd2 Re2 32. Qd5 b3+ 33.
Kxb2 Ra2+ 34. Kc3 Rc2+ 35. Kxb3 Rexd2 36. Qa8+ Kg7 37. Qa1+ Kh6 38. Qf6 Rxg2
39. Qxf7 Rxh2 40. Qf4+ Kg7 41. Qe5+ Kf8 42. Qf6+ Ke8 43. Qe6+ Kd8 44. Qd6+ Kc8
45. Qe6+ Kc7 46. Qe7+ 1/2-1/2

[Event "34 Open Internacional Ciudad de San Seba"]
[Site "Donostia-San Sebastian"]
[Date "2011.04.21"]
[Round "6"]
[White "Pastor Pons, Pedro Maria"]
[Black "Severri Arrese, Carlos"]
[Result "1-0"]
[WhiteElo "2156"]
[BlackElo "2013"]
[PlyCount "139"]
[EventDate "2011.04.16"]
[EventRounds "9"]
[EventCountry "ESP"]

1. e4 g6 2. d4 d6 3. Nc3 c6 4. Be3 Bg7 5. h3 Nd7 6. Nf3 Qc7 7. a4 a6 8. Bc4 e6
9. Qe2 Ne7 10. O-O d5 11. exd5 cxd5 12. Bd3 O-O 13. Qd2 Nc6 14. Bf4 Qd8 15. Ne2
Nb6 16. b3 Re8 17. Rfe1 Bf8 18. c3 Bd7 19. Nh2 f6 20. Bc2 Nc8 21. Bh6 Bd6 22.
Ng4 f5 23. Nh2 Be7 24. Nf4 Bf6 25. g4 N6e7 26. Nxe6 Qb6 27. Nc5 Qc6 28. a5 Nd6
29. f3 Rad8 30. Bf4 Bc8 31. g5 Bg7 32. Re3 Kf7 33. Nd3 Nb5 34. Ne5+ Bxe5 35.
Bxe5 Ng8 36. f4 Nd6 37. Bxd6 Qxd6 38. Rxe8 Rxe8 39. Nf3 Kg7 40. Ne5 Rd8 41. h4
Ne7 42. Kf2 Bd7 43. Qe3 Be8 44. b4 Rc8 45. Rh1 Qc7 46. Rh3 Ng8 47. Bb3 Ne7 48.
Bd1 b6 49. axb6 Qxb6 50. Nd3 Qd6 51. Nc5 Bf7 52. Qe5+ Qxe5 53. fxe5 Ra8 54. Ba4
a5 55. b5 Nc8 56. Rh1 Nb6 57. Ra1 Kf8 58. Bc2 Ke7 59. h5 Be8 60. hxg6 Bxg6 61.
Na6 Kd8 62. Rxa5 Be8 63. Bd3 Bd7 64. Ra1 Ke7 65. Rh1 Rg8 66. Rxh7+ Kd8 67. Rh6
Nc4 68. Bxc4 dxc4 69. b6 Bc8 70. Nc5 1-0

[Event "34 Open Internacional Ciudad de San Seba"]
[Site "Donostia-San Sebastian"]
[Date "2011.04.21"]
[Round "6"]
[White "Baron, Romuald"]
[Black "Navarrete Espi, Samuel"]
[Result "1/2-1/2"]
[WhiteElo "1950"]
[BlackElo "2127"]
[PlyCount "39"]
[EventDate "2011.04.16"]
[EventRounds "9"]
[EventCountry "ESP"]

1. e4 e5 2. Nf3 Nc6 3. Nc3 Nf6 4. d4 exd4 5. Nxd4 Bb4 6. Nxc6 bxc6 7. Bd3 d5 8.
exd5 O-O 9. O-O cxd5 10. Bg5 c6 11. Ne2 Bg4 12. a3 Bd6 13. Qd2 Rb8 14. Nd4 Bd7
15. Nf5 Bxf5 16. Bxf5 Rxb2 17. Qd4 Rb6 18. Qh4 h6 19. Bxf6 gxf6 20. Qxh6
1/2-1/2

[Event "34 Open Internacional Ciudad de San Seba"]
[Site "Donostia-San Sebastian"]
[Date "2011.04.21"]
[Round "6"]
[White "Torres Ganuza, Fco  Javier"]
[Black "Segovia Sanchez, Antonio"]
[Result "1-0"]
[WhiteElo "2120"]
[BlackElo "1996"]
[PlyCount "63"]
[EventDate "2011.04.16"]
[EventRounds "9"]
[EventCountry "ESP"]

1. d4 c5 2. d5 e5 3. c4 d6 4. Nc3 f5 5. e4 Nf6 6. Bd3 fxe4 7. Nxe4 Nxe4 8. Bxe4
Qh4 9. Qc2 Be7 10. h3 g6 11. Nf3 Qf6 12. Bh6 Na6 13. Qb3 Nc7 14. O-O b6 15. a4
Rb8 16. a5 b5 17. Rfe1 Rb7 18. Bg5 Qg7 19. Bxe7 Qxe7 20. Nxe5 O-O 21. Nf3 bxc4
22. Qxc4 Rb4 23. Qc2 Qf6 24. Re2 Ba6 25. Rd2 Rfb8 26. Rb1 Nb5 27. Re1 Kg7 28.
Bd3 Nd4 29. Nxd4 Bxd3 30. Ne6+ Qxe6 31. Qc3+ Qf6 32. Re7+ 1-0

[Event "34 Open Internacional Ciudad de San Seba"]
[Site "Donostia-San Sebastian"]
[Date "2011.04.21"]
[Round "6"]
[White "Krulich, Roman"]
[Black "Daubas, Bernard"]
[Result "1-0"]
[WhiteElo "2225"]
[BlackElo "1865"]
[PlyCount "53"]
[EventDate "2011.04.16"]
[EventRounds "9"]
[EventCountry "ESP"]

1. e4 d5 2. exd5 Nf6 3. Bb5+ Bd7 4. Be2 Nxd5 5. d4 g6 6. c4 Nb6 7. Nf3 c5 8.
dxc5 Na4 9. Qd4 Rg8 10. O-O Bg7 11. Qe3 Qc7 12. Nc3 Nxc3 13. bxc3 Na6 14. Ba3
Bf6 15. Rab1 O-O-O 16. c6 Bxc6 17. Qxa7 Bxc3 18. Rb3 Bf6 19. Bb2 Bxb2 20. Rxb2
g5 21. Nd4 g4 22. Nxc6 Qxc6 23. Rfb1 Nc5 24. Rb5 Rg5 25. Bxg4+ e6 26. Bf3 Qxf3
27. Rxc5+ 1-0

[Event "34 Open Internacional Ciudad de San Seba"]
[Site "Donostia-San Sebastian"]
[Date "2011.04.21"]
[Round "6"]
[White "Torres, Patrice"]
[Black "Mateo, Ramon"]
[Result "0-1"]
[WhiteElo "1981"]
[BlackElo "2446"]
[PlyCount "42"]
[EventDate "2011.04.16"]
[EventRounds "9"]
[EventCountry "ESP"]

1. d4 Nf6 2. Nf3 e6 3. c4 c5 4. d5 b5 5. Bg5 d6 6. dxe6 Bxe6 7. cxb5 Be7 8. e3
h6 9. Bh4 O-O 10. Be2 a6 11. bxa6 Qb6 12. Qc1 Nxa6 13. O-O Nb4 14. a3 Na2 15.
Qc2 Rfb8 16. Nfd2 Qxb2 17. Qxb2 Rxb2 18. Bc4 Bxc4 19. Nxc4 Rc2 20. Nb6 Ra6 21.
Nd7 g5 0-1

[Event "34 Open Internacional Ciudad de San Seba"]
[Site "Donostia-San Sebastian"]
[Date "2011.04.21"]
[Round "6"]
[White "Both, Gert"]
[Black "Gorshkova, Irina"]
[Result "1/2-1/2"]
[WhiteElo "1944"]
[BlackElo "2166"]
[PlyCount "32"]
[EventDate "2011.04.16"]
[EventRounds "9"]
[EventCountry "ESP"]

1. Nf3 Nf6 2. c4 g6 3. Nc3 d5 4. cxd5 Nxd5 5. h4 Bg7 6. h5 Nb6 7. d4 Bg4 8. h6
Bf6 9. Ne4 Nc6 10. Nxf6+ exf6 11. e3 Qe7 12. Be2 O-O-O 13. O-O f5 14. a4 g5 15.
a5 Nd5 16. Bd2 Rd6 1/2-1/2

[Event "34 Open Internacional Ciudad de San Seba"]
[Site "Donostia-San Sebastian"]
[Date "2011.04.21"]
[Round "6"]
[White "Aranaz Portugues, Jose Carlos"]
[Black "Newrkla, Alexander"]
[Result "1-0"]
[WhiteElo "2130"]
[BlackElo "1962"]
[PlyCount "75"]
[EventDate "2011.04.16"]
[EventRounds "9"]
[EventCountry "ESP"]

1. d4 Nc6 2. c4 e5 3. d5 Nce7 4. e4 Nf6 5. Nc3 Ng6 6. Be3 Bb4 7. Bd3 O-O 8.
Nge2 Ng4 9. Qd2 Nxe3 10. Qxe3 d6 11. h4 f5 12. h5 f4 13. Qd2 Nh4 14. O-O-O f3
15. gxf3 Nxf3 16. Qc2 Bc5 17. Kb1 Bd7 18. Ng3 Qf6 19. Nf5 Nd4 20. Qc1 Nxf5 21.
exf5 Bxf5 22. Ne4 Bxe4 23. Bxe4 Qxf2 24. Rd2 Qf4 25. Qc2 h6 26. a3 Rf6 27. Rg2
Raf8 28. Ka2 Bd4 29. Rh3 Qf1 30. Rhg3 R8f7 31. Bg6 Re7 32. Bd3 Qe1 33. Bf5 e4
34. Be6+ Kh8 35. Rg4 Rf2 36. Rxf2 Qxf2 37. Qxf2 Bxf2 38. Rf4 1-0

[Event "34 Open Internacional Ciudad de San Seba"]
[Site "Donostia-San Sebastian"]
[Date "2011.04.21"]
[Round "6"]
[White "Diaz Herrero, Alvaro"]
[Black "Garrido Fernandez, David"]
[Result "1-0"]
[WhiteElo "2126"]
[BlackElo "1955"]
[PlyCount "51"]
[EventDate "2011.04.16"]
[EventRounds "9"]
[EventCountry "ESP"]

1. e4 e6 2. d4 d5 3. Nc3 Nf6 4. e5 Nfd7 5. f4 c5 6. Nf3 Nc6 7. Be3 Be7 8. Be2
O-O 9. Qd2 cxd4 10. Nxd4 Nxd4 11. Bxd4 Nb8 12. O-O-O Nc6 13. Be3 Qa5 14. Kb1 f6
15. Bf3 Rd8 16. Qf2 fxe5 17. fxe5 Nxe5 18. Qg3 Nc6 19. Rhf1 Bd6 20. Qh4 Qb4 21.
Rd4 Qb6 22. Nxd5 exd5 23. Bxd5+ Kh8 24. Qxh7+ Kxh7 25. Rh4+ Kg6 26. Bf7# 1-0

[Event "34 Open Internacional Ciudad de San Seba"]
[Site "Donostia-San Sebastian"]
[Date "2011.04.21"]
[Round "6"]
[White "Arana Garate, Jon"]
[Black "Uriarte Prieto, Goyo"]
[Result "1-0"]
[WhiteElo "1924"]
[BlackElo "2100"]
[PlyCount "77"]
[EventDate "2011.04.16"]
[EventRounds "9"]
[EventCountry "ESP"]

1. d4 e6 2. Nf3 f5 3. g3 Nf6 4. Bg2 d5 5. O-O c6 6. Bg5 Bd6 7. Nbd2 O-O 8. c4
Nbd7 9. e3 Qe8 10. Bf4 e5 11. dxe5 Nxe5 12. Nxe5 Bxe5 13. Bxe5 Qxe5 14. cxd5
cxd5 15. Qb3 Rb8 16. Rfd1 Ne4 17. Nxe4 fxe4 18. Qxd5+ Qxd5 19. Rxd5 Bf5 20. Rc1
Rbd8 21. Rcd1 Rc8 22. Rxf5 Rxf5 23. Bh3 Rfc5 24. Bxc8 Rxc8 25. Rd7 Rc1+ 26. Kg2
Ra1 27. a3 b5 28. Rxa7 b4 29. Ra5 Rb1 30. axb4 Rxb2 31. Rb5 Kf7 32. Rb8 h6 33.
b5 g5 34. b6 Kg7 35. g4 Rb3 36. b7 Rb2 37. Kf1 Kh7 38. Ke1 Kg7 39. Kd1 1-0